Explaining populist party adaptation in Latin America: environmental and organizational determinants of party change in Argentina, Mexico, Peru and Venezuela (Record no. 58754)

000 -LEADER
fixed length control field 00567pab a2200169 454500
008 - FIXED-LENGTH DATA ELEMENTS--GENERAL INFORMATION
fixed length control field 180718b2003 xxu||||| |||| 00| 0 eng d
100 ## - MAIN ENTRY--PERSONAL NAME
Personal name Burgess, Katrina
245 ## - TITLE STATEMENT
Title Explaining populist party adaptation in Latin America: environmental and organizational determinants of party change in Argentina, Mexico, Peru and Venezuela
260 ## - PUBLICATION, DISTRIBUTION, ETC.
Date of publication, distribution, etc. 2003
300 ## - PHYSICAL DESCRIPTION
Extent p.881-911.
362 ## - DATES OF PUBLICATION AND/OR SEQUENTIAL DESIGNATION
Dates of publication and/or sequential designation Oct
650 ## - SUBJECT ADDED ENTRY--TOPICAL TERM
Topical term or geographic name entry element Political parties - Latin America
650 ## - SUBJECT ADDED ENTRY--TOPICAL TERM
Topical term or geographic name entry element Political parties
700 ## - ADDED ENTRY--PERSONAL NAME
Personal name Levitsky, Steven
773 ## - HOST ITEM ENTRY
Main entry heading Comparative Political Studies
909 ## -
-- 58754
Holdings
Withdrawn status Lost status Damaged status Not for loan Permanent Location Current Location Date acquired Serial Enumeration / chronology Barcode Date last seen Price effective from Koha item type
        Indian Institute of Public Administration Indian Institute of Public Administration 2018-07-19 Volume no: 36, Issue no: 8 AR59199 2018-07-19 2018-07-19 Articles

Powered by Koha